Statistics for British and Irish Lions Predicted Starting XV

Click here to take the quiz!

General Stats

  • This quiz has been taken 41 times
  • The average score is 13 of 23

Answer Stats

#Answer% Correct
4Maro Itoje
95%
15Stuart Hogg
89%
12Owen Farrell
86%
3Tadhg Furlong
86%
1Mako Vunipola
84%
2Jamie George
81%
11Jonny May
76%
10Finn Russell
73%
Hamish Watson
65%
Anthony Watson
62%
13Robbie Henshaw
62%
14Josh Adams
59%
7Justin Tipuric
59%
Johnny Sexton
57%
9Gareth Davies
54%
5James Ryan
49%
Ali Price
43%
Tadhg Beirne
41%
6CJ Stander
38%
Talupe Faletau
38%
Matt Fagerson
32%
Josh Navidi
14%
8Billy Vunapola
3%

Score Distribution

Percentile by Number Answered

Percent of People with Each Score

Your Score History

You have not taken this quiz